000 00275nam a2200109Ia 4500
001 588905
005 20250717120839.0
008 250717s9999 xx 000 0 und d
245 0 _aY-7 KİMYANIN DEHASI RAZİ
_cSÜHEYLA SANCAR
260 _bERDEM YAYINLARI
_c2018
300 _b79
999 _c588905
_d588905